ბათუმის შოთა რუსთაველის სახელმწიფო უნივერსიტეტის ბიბლიოთეკა

ხელოვნების ნაწარმოები მისი ტექნიკური რეპროდუცირებადობის ეპოქაში ისტორიის ცნების შესახებ / (ბიბ.ჩანაწერი № 53969)

000 -ლიდერი
ფიქსირებული სიგრძის საკონტროლო ველი 01161nam a2200241Ia 4500
001 - საკონტროლო ნომერი
საკონტროლო ველი 21020
003 - საკონტროლო ნომრის იდენტიფიკატორი
საკონტროლო ველი GE_BSU
005 - ბოლო ოპერაციის თარიღი და დრო
საკონტროლო ველი 20210706182502.0
008 - ფიქსირებული სიგრძის მონაცემთა ელემენტები - ზოგადი ინფორმაცია
ფიქსირებული სიგრძის საკონტროლო ველი 181216s? ||||ge |||||||||||||| ||geo||
040 ## - კატალოგიზაციის წყარო
Transcribing agency GE_BSU
041 ## - ენის კოდი
Language code of text/sound track or separate title geo
080 ## - უნივერსალური ათობითი კლასიფიკაციის ინდექსი
Universal Decimal Classification number 7.072 ბ-48
100 ## - მთავარი ჩანაწერი - პიროვნების სახელი
Personal name ბენიამინი, ვალტერ
9 (RLIN) 12209
245 ## - ცნობა სათაურის შესახებ
Title ხელოვნების ნაწარმოები მისი ტექნიკური რეპროდუცირებადობის ეპოქაში ისტორიის ცნების შესახებ /
Statement of responsibility, etc ვალტერ ბენიამინი ; თარგმანი გერმ. დევი დუმბაძე.
264 ## - წარმოების, გამოცემის, დისტრიბუციის და სხვა ცნობები
გამოცემის, წარმოების, დისტრიბუციის... ადგილი თბილისი :
გამოცემის, წარმოების, დისტრიბუციის... სახელწოდება საგა,
გამოცემის, წარმოების, დისტრიბუციის... თარიღი ?.
300 ## - ფიზიკური აღწერა
Extent 142 გვ. ;
Dimensions 14 სმ.
490 ## - სერიის ცნობა
Series statement ჯიბის წიგნის სერია
Volume number/sequential designation 2
653 ## - INDEX TERM--UNCONTROLLED
Uncontrolled term ხელოვნება
653 ## - INDEX TERM--UNCONTROLLED
Uncontrolled term ხელოვნებათმცოდნეობა
700 ## - ADDED ENTRY--PERSONAL NAME
Personal name დუმბაძე, დევი
Relator term თარგმნა გერმანულიდან
9 (RLIN) 966
942 ## - ADDED ENTRY ELEMENTS (KOHA)
Koha item type წიგნი
Source of classification or shelving scheme
ეგზემპლარები
ჩამოწერის სტატუსი დაკარგული ეგზემპლარის სტატუსი კლასიფიკაციის წყარო ან თაროზე გაწყობის სქემა დაზიანების სტატუსი არ გაიცემა მუდმივი მდებარეობა (დაცვის ადგილი) ამჟამინდელი ადგილსამყოფელი თაროზე განთავსების ადგილი შეძენის თარიღი ღირებულება, შესყიდვის ნორმალური ფასი სრული შენახვის შიფრი შტრიხკოდი ბოლო ოპერაციის თარიღი ეგზემპლარის მიმდევრობითი ნომერი (კეტერი?) ფასის ძალაში შესვლის თარიღი ეგზემპლარის სახეობა საჯარო შენიშვნა
          ბათუმის შოთა რუსთაველის სახელმწიფო უნივერსიტეტის მთავარი ბიბლიოთეკა ბათუმის შოთა რუსთაველის სახელმწიფო უნივერსიტეტის მთავარი ბიბლიოთეკა წიგნსაცავი 2018-12-17 3.00 7.072 ბ-48 54678 2018-12-17 54678 2018-12-17 წიგნი 3.00 ₾.